Countries that were Formed as a Result of Cold War - Statistics

General Stats
  • This quiz has been taken 288 times
    281 since last reset
  • The average score is 21 of 23
Answer Stats
Modern Day Country % Correct
Germany
98%
Czech Republic
96%
Latvia
96%
Serbia
96%
Slovakia
96%
Ukraine
96%
Belarus
95%
Croatia
95%
Estonia
95%
Lithuania
95%
Turkmenistan
95%
Kazakhstan
94%
Bosnia and Herzegovina
93%
Tajikistan
93%
Armenia
92%
Azerbaijan
92%
Georgia
92%
Russia
92%
Slovenia
92%
North Macedonia
91%
Uzbekistan
91%
Kyrgyzstan
90%
Moldova
89%
No matching quizzes found
Score Distribution
Percent of People with Each Score
Percentile by Number Answered
Your Score History
You have not taken this quiz since the last reset